<?xml version="1.0" encoding="UTF-8"?>
<record
    xmlns:xsi="http://www.w3.org/2001/XMLSchema-instance"
    xsi:schemaLocation="http://www.loc.gov/MARC21/slim http://www.loc.gov/standards/marcxml/schema/MARC21slim.xsd"
    xmlns="http://www.loc.gov/MARC21/slim">

  <leader>00828nam a2200217 i 4500</leader>
  <controlfield tag="001">190751</controlfield>
  <controlfield tag="003">ES-MaACL</controlfield>
  <controlfield tag="005">20251012063104.0</controlfield>
  <controlfield tag="008">220526s1967    sp            001 p spa</controlfield>
  <datafield tag="080" ind1=" " ind2=" ">
    <subfield code="a">86-131"15"</subfield>
  </datafield>
  <datafield tag="100" ind1="0" ind2=" ">
    <subfield code="a">Rodr&#xED;guez, Lucas, </subfield>
    <subfield code="d">s. XVI</subfield>
    <subfield code="9">98276</subfield>
  </datafield>
  <datafield tag="245" ind1="1" ind2="0">
    <subfield code="a">Romancero historiado : </subfield>
    <subfield code="b">(Alcal&#xE1;, 1582) / </subfield>
    <subfield code="c">Lucas Rodr&#xED;guez ; edici&#xF3;n, estudio, bibliograf&#xED;a e &#xED;ndices por Antonio Rodr&#xED;guez-Mo&#xF1;ino.</subfield>
  </datafield>
  <datafield tag="260" ind1=" " ind2=" ">
    <subfield code="a">Madrid : </subfield>
    <subfield code="b">Castalia, </subfield>
    <subfield code="c">1967.</subfield>
  </datafield>
  <datafield tag="300" ind1=" " ind2=" ">
    <subfield code="a">271 p. : </subfield>
    <subfield code="b">il. ; </subfield>
    <subfield code="c">24 cm.</subfield>
  </datafield>
  <datafield tag="490" ind1="1" ind2=" ">
    <subfield code="a">Colecci&#xF3;n de romanceros de los siglos de oro ; </subfield>
    <subfield code="v">2</subfield>
  </datafield>
  <datafield tag="700" ind1="1" ind2=" ">
    <subfield code="a">Rodr&#xED;guez-Mo&#xF1;ino, Antonio.</subfield>
    <subfield code="9">98681</subfield>
  </datafield>
  <datafield tag="830" ind1="1" ind2=" ">
    <subfield code="a">Colecci&#xF3;n de romanceros de los siglos de oro ; </subfield>
    <subfield code="v">2</subfield>
    <subfield code="9">181806</subfield>
  </datafield>
  <datafield tag="852" ind1="4" ind2=" ">
    <subfield code="a">ES-MaACL</subfield>
    <subfield code="j">P-1417-2</subfield>
  </datafield>
  <datafield tag="852" ind1="4" ind2=" ">
    <subfield code="a">ES-MaACL</subfield>
    <subfield code="j">P-1417-2      </subfield>
    <subfield code="z">- Enc. tela verde</subfield>
  </datafield>
  <datafield tag="999" ind1=" " ind2=" ">
    <subfield code="c">190751</subfield>
    <subfield code="d">190751</subfield>
  </datafield>
  <datafield tag="952" ind1=" " ind2=" ">
    <subfield code="0">0</subfield>
    <subfield code="1">0</subfield>
    <subfield code="4">0</subfield>
    <subfield code="7">0</subfield>
    <subfield code="a">ATENEOM</subfield>
    <subfield code="b">ATENEOM</subfield>
    <subfield code="c">DEPO2</subfield>
    <subfield code="d">2022-05-26</subfield>
    <subfield code="e">DON</subfield>
    <subfield code="l">0</subfield>
    <subfield code="o">P-1417-2</subfield>
    <subfield code="p">1202998</subfield>
    <subfield code="r">2023-02-23 00:00:00</subfield>
    <subfield code="w">2023-02-23</subfield>
    <subfield code="y">MONOGRAFIA</subfield>
  </datafield>
</record>
